Central Library OPAC University of Rajshahi
Normal view MARC view

Entry Personal Name

Number of records used in: 2

001 - CONTROL NUMBER

  • control field: 5225

003 - CONTROL NUMBER IDENTIFIER

  • control field: BD-RjUL

005 - DATE AND TIME OF LATEST TRANSACTION

  • control field: 20221013101455.0

008 - FIXED-LENGTH DATA ELEMENTS

  • fixed length control field: 221013|| aca||aabn | a|a d

040 ## - CATALOGING SOURCE

  • Original cataloging agency: BD-RjUL
  • Transcribing agency: BD-RjUL

100 ## - HEADING--PERSONAL NAME

  • Personal name: Shakespeare, William,
  • Dates associated with a name: 1564-1616
  • General subdivision: Stories, plots, etc

670 ## - SOURCE DATA FOUND

  • Source citation: Work cat.: (BD-RjUL)80524: Clarke, Mary Cowden, 1809-1898. 5223, The girlhood of Shakespeare's heroines /, [1906]